Working with resistance in rational emotive behaviour therapy: A practitioner's guide (Record no. 160230)

MARC details
000 -LEADER
fixed length control field 00386nam a2200133Ia 4500
008 - FIXED-LENGTH DATA ELEMENTS--GENERAL INFORMATION
fixed length control field 230917s9999||||xx |||||||||||||| ||und||
040 ## - CATALOGING SOURCE
-- 199968
Original cataloging agency VIVEKANANDA LIBRARY
041 ## - Language
-- English
082 ## - DDC NUMBER
Classification number 616.89142 D847W
100 ## - MAIN ENTRY--PERSONAL NAME
Personal name Dryden, Windy
245 #0 - TITLE STATEMENT
Title Working with resistance in rational emotive behaviour therapy: A practitioner's guide
260 ## - PUBLICATION, DISTRIBUTION, ETC. (IMPRINT)
Place of publication, distribution, etc London
Name of publisher, distributor, etc Routledge
Date of publication, distribution, etc 2011
942 ## - ADDED ENTRY ELEMENTS (KOHA)
Koha item type Books
Holdings
Withdrawn status Lost status Damaged status Not for loan Location (home branch) Sublocation or collection (holding branch) Date acquired Koha issues (times borrowed) Koha full call number Accession No. Koha date last seen Koha item type
        VIVEKANANDA LIBRARY VIVEKANANDA LIBRARY 22/06/2012   616.89142 D847W 293732 17/09/2023 Books
© Designed and Maintained by Vivekananda Library, MDU Rohtak